000 00641nam a2200217Ia 4500
003 OSt
005 20220927104417.0
006 a|||||r|||| 00| 0
007 ta
008 220926b |||||||| |||| 00| 0 eng d
024 _a147226
037 _cReference Collections
040 _aRTL
_cRTL
_beng
041 _2eng
_aeng
082 _a"T9(X:99P).3.N6t4, K6/GD"
110 _a"India, Labour (M/0-)"
_9365509
245 0 _aTraining for commerce & the office.
700 _a"India, Labour (M/0-)"
_9365510
942 _h"T9(X:99P).3.N6t4, K6/GD"
_cCC
999 _c687169
_d687169